00570nam a2200133Ia 4500008004100000100002400041245009800065245014300163260004900306260000900355300001200364650001300376856004700389170221s9999 xx 000 0 und d aGerald E. Calvasina aDetermining employment relationships under federal and state law: why should employers worry? cGerald E. Calvasina, Southern Utah University; Richard V. Calvasina, University of West Florida; Eugene J. Calvasina, Southern University. bJournal of Management and Marketing Research c2012 a32 : 14 xBusiness uhttp://www.aabri.com/manuscripts/11938.pdf